Clic Qui a animé ces jeux télévisés ? - Statistiques

Statistiques générales
  • Ce quiz a été pris 182 fois
    160 depuis la dernière actualisation
  • Le résultat moyen est 16 sur 56
Statistiques - réponses
Hint Réponse % Correct
Le Bigdil 1998-2004 Vincent Lagaf
85%
Slam depuis 2009 Cyril Féraud
80%
Tout le monde veut prendre sa place 2006-2021 Nagui
67%
Koh-Lanta depuis 2002 Denis Brogniart
65%
Fort Boyard depuis 2003 Olivier Minne
59%
N'oubliez pas les paroles depuis 2007 Nagui
56%
Money Drop 2011-2017 Laurence Boccolini
55%
Le juste prix 2009-2015 Vincent Lagaf
55%
Questions pour un champion 1988-2016 Julien Lepers
51%
Attention à la marche 2001-2010 Jean-Luc Reichmann
50%
A prendre ou à laisser 2004-2010 Arthur
47%
Pékin-Express depuis 2006 Stéphane Rotenberg
47%
Le maillon faible 2001-2007 Laurence Boccolini
44%
Une famille en or 2007-2014 Christophe Dechavanne
43%
Les Z'amours 1995-2021 Tex
42%
Motus 1990-2019 Thierry Beccaro
42%
Une famille en or depuis 2021 Camille Combal
41%
Des chiffres et des lettres depuis 1992 Laurent Romejko
37%
Tout le monde veut prendre sa place 2021-2023 Laurence Boccolini
35%
Tout le monde veut prendre sa place depuis 2023 Jarry
34%
Qui est qui ? 1996-2002 Marie-Ange Nardi
32%
Pyramide 1991-2003 Patrice Laffont
29%
Fort Boyard 1990-1999 Patrice Laffont
29%
Personne n'y avait pensé ! 2011-2021 Cyril Féraud
27%
Monsieur cinéma 1975-1980 Pierre Tchernia
26%
Le quiz des champions Cyril Féraud
25%
Koh-Lanta 2001 Hubert Auriol
24%
Mot de passe 2009-2016 Patrick Sabatier
24%
Mardi cinéma 1982-1987 Pierre Tchernia
23%
Fort Boyard 2000-2002 Jean-Pierre Castaldi
21%
Les jeux de 20 heures 1976-1987 Jean-Pierre Descombes
21%
Mot de passe depuis 2020 Laurence Boccolini
21%
A prendre ou à laisser 2020-2021 Cyril Hanouna
20%
Le maillon faible 2014-2015 Julien Courbet
20%
Une famille en or 1990-1992 Patrick Roy
20%
La roue de la fortune 1987-1993 Christian Morin
18%
Les Z'amours 1995-2000 Jean-Luc Reichmann
18%
L'Académie des neufs 1982-1987 Jean-Pierre Foucault
18%
A prendre ou à laisser 2014-2015 Julien Courbet
18%
Des chiffres et des lettres 1972-1989 Patrice Laffont
18%
Le juste prix 1992-2001 Philippe Risoli
18%
Le juste prix 1992-2001 Philippe Risoli
16%
Le juste prix 1988-1992 Patrick Roy
14%
La tête et les jambes 1960-1966 Pierre Bellemarre
14%
Fort Boyard 1993-1999 Cendrine Dominguez
11%
Jéopardy 989-1992 Philippe Risoli
11%
Fort Boyard 1990-1991 Sophie Davant
10%
Une famille en or 1992-1997 Laurent Cabrol
9%
Une famille en or 1992-1993 & 1997-1998 Bernard Montiel
7%
Des chiffres et des lettres 1965-1970 Christine Fabréga
7%
Le quatrième duel 2008-2013 Julien Courbet
7%
Le quatrième duel 2013 Bruno Guillon
5%
Des chiffres et des lettres 1989-1991 Laurent Cabrol
5%
Les Mariés de l'A2 1987-1990 Patrice Laffont
5%
Les Z'amours 2000 Patrice Laffont
4%
Des chiffres et des lettres 1991-1992 Max Meynier
2%
Aucun quiz correspondant
Distribution des résultats
% des personnes avec chaque résultat
Percentile par nombre de réponses
Votre historique - résultats
Vous n’avez pas pris ce quiz depuis la dernière actualisation